London Underground - Circle Line Map - Statistics

General Stats
  • This quiz has been taken 296 times
  • The average score is 28 of 35
Answers on the Map
Answers color-coded by a green-red scale on the quiz's map according to % correct below.
 
Answer Stats
Answer % Correct
Paddington
94%
King's Cross St. Pancras
93%
Liverpool Street
90%
Monument
89%
Tower Hill
89%
Aldgate
88%
Farringdon
88%
Westminster
88%
Embankment
87%
Barbican
86%
Hammersmith
86%
Moorgate
86%
Victoria
86%
Euston Square
85%
Sloane Square
85%
Temple
85%
Baker Street
83%
Edgware Road
83%
South Kensington
83%
Blackfriars
82%
Cannon Street
82%
St. James's Park
82%
Great Portland Street
80%
Mansion House
77%
Gloucester Road
75%
Notting Hill Gate
75%
High Street Kensington
74%
Bayswater
70%
Ladbroke Grove
69%
Latimer Road
68%
Shepherd's Bush Market
67%
Wood Lane
67%
Goldhawk Road
66%
Royal Oak
60%
Westbourne Park
57%
No matching quizzes found
Score Distribution
Percent of People with Each Score
Percentile by Number Answered
Your Score History
You have not taken this quiz